Tín dụng ngân hàng đối với kinh tế hộ ở Việt Nam

Uloženo v:
Podrobná bibliografie
Hlavní autor: Đỗ, Tất Ngọc
Médium: Kniha
Jazyk:Undetermined
Vydáno: Hà Nội Lao động 2006
Témata:
Tagy: Přidat tag
Žádné tagy, Buďte první, kdo otaguje tento záznam!
Thư viện lưu trữ: Trung tâm Học liệu Trường Đại học Cần Thơ
LEADER 00595nam a2200205Ia 4500
001 CTU_104927
008 210402s9999 xx 000 0 und d
020 |c 15000 
082 |a 332.7109597 
082 |b Ng419 
100 |a Đỗ, Tất Ngọc 
245 0 |a Tín dụng ngân hàng đối với kinh tế hộ ở Việt Nam 
245 0 |c Đỗ Tất Ngọc 
260 |a Hà Nội 
260 |b Lao động 
260 |c 2006 
650 |a Agricultural credit 
650 |z Vietnam 
904 |i Minh 
980 |a Trung tâm Học liệu Trường Đại học Cần Thơ